|
|
|
|
| LEADER |
00000cam a2200000 7i4500 |
| 001 |
0000002718 |
| 005 |
20031119.0 |
| 090 |
0 |
0 |
|a FAO338.1749
|b NON 1997
|
| 245 |
0 |
0 |
|a NON-wood forest produtcs outlook :
|b study for Asia and the Pacific : towards 2010
|c by Andrew J. Mittelman ... (et al.)
|
| 260 |
0 |
0 |
|a Rome :
|b Food and Agriculture Organization of the United Nations ,
|c 1997
|
| 300 |
|
|
|a 65 p. ;
|c 30 cm.
|
| 440 |
0 |
0 |
|a Asia-Pacific forestry sector outlook study working paper series no. APFSOS/WP/28
|
| 500 |
0 |
0 |
|a Bibliography : p. 53-64
|
| 650 |
0 |
0 |
|a Non-timber forest products
|z Asia
|
| 650 |
0 |
0 |
|a Non-timber forest products
|z Pacific Area
|
| 700 |
0 |
1 |
|a Mittelman
|h Andrew J.
|
| 710 |
1 |
1 |
|a Food and Agriculture Organization of the United Nations (FAO)
|
| 998 |
|
|
|a JPSM
|
| 999 |
|
|
|a 0000004772
|b Monograph
|c Food and Agriculture Organization
|e Default branch
|
| 999 |
|
|
|a 0000004773
|b Monograph
|c Food and Agriculture Organization
|e Default branch
|